LA PUERTA (Registro nro. 68666)

Detalles MARC
000 -CABECERA
campo de control de longitud fija 01233nam a22002657a 4500
003 - IDENTIFICADOR DEL NÚMERO DE CONTROL
campo de control BPGM
005 - FECHA Y HORA DE LA ÚLTIMA TRANSACCIÓN
campo de control 20260624214256.0
008 - DATOS DE LONGITUD FIJA--INFORMACIÓN GENERAL
campo de control de longitud fija 260624b2000 mx ||||| |||| 001 0 spa d
020 ## - NÚMERO INTERNACIONAL ESTÁNDAR DEL LIBRO
Número Internacional Estándar del Libro 968-7377-49-6
040 ## - FUENTE DE LA CATALOGACIÓN
Centro catalogador/agencia de origen BPGM
Lengua de catalogación spa
041 ## - CÓDIGO DE LENGUA
Código de lengua del texto/banda sonora o título independiente spa
Código de lengua original spa
082 04 - NÚMERO DE LA CLASIFICACIÓN DECIMAL DEWEY
Número de clasificación CQ / 862M /
Número de documento/Ítem P83 / P83 /
100 ## - ENTRADA PRINCIPAL--NOMBRE DE PERSONA
Nombre de persona IGNACIO PADILLA, EDGAR CEBALLO
245 ## - MENCIÓN DE TÍTULO
Título LA PUERTA
260 ## - PUBLICACIÓN, DISTRIBUCIÓN, ETC.
Lugar de publicación, distribución, etc. QUERÈTARO;
Nombre del editor, distribuidor, etc. FONDO EDITORIAL QUERETARO,
Fecha de publicación, distribución, etc. 2000.
300 ## - DESCRIPCIÓN FÍSICA
Extensión 295 pàginas
Dimensiones 23 cm x 14 cm
336 ## - TIPO DE CONTENIDO
Fuente rdacontent
Término de tipo de contenido texto
Código de tipo de contenido txt
337 ## - TIPO DE MEDIO
Fuente rdamedia
Nombre/término del tipo de medio sin mediación
Código del tipo de medio n
338 ## - TIPO DE SOPORTE
Fuente rdacarrier
Nombre/término del tipo de soporte volumen
Código del tipo de soporte nc
505 ## - NOTA DE CONTENIDO CON FORMATO
Nota de contenido con formato "LA PUERTA" ES UNA GALARDONADA PIEZA TEATRAL MEXICANA ESCRITA POR EL DESTACADO INVESTIGADOR, EDITOR Y DRAMATURGO YUCATECO EDGAR CEBALLOS, QUE OBTUVO EL PREMIO NACIONAL DE DRAMATURGIA EN 1999. LA OBRA DESTACA POR SU ENFOQUE VANGUARDISTA E INTROSPECTIVO DENTRO DE LAS PROPUESTAS TEATRALES CONTEMPORÁNEAS EN MÉXICO. SE PUBLICÓ FORMALMENTE EN EL AÑO 2000 TRAS RESULTAR SELECCIONADA EN EL PRIMER CONCURSO NACIONAL DE DRAMATURGIA MANUEL HERRERA CASTAÑEDA EN EL ESTADO DE QUERÉTARO.
650 ## - PUNTO DE ACCESO ADICIONAL DE MATERIA--TÉRMINO DE MATERIA
Término de materia o nombre geográfico como elemento de entrada LITERATURA Y RETÓRICA
650 ## - PUNTO DE ACCESO ADICIONAL DE MATERIA--TÉRMINO DE MATERIA
Término de materia o nombre geográfico como elemento de entrada LITERATURAS ESPAÑOLA Y PORTUGUESA
650 ## - PUNTO DE ACCESO ADICIONAL DE MATERIA--TÉRMINO DE MATERIA
Término de materia o nombre geográfico como elemento de entrada TEATRO ESPAÑOL
942 ## - ELEMENTOS DE PUNTO DE ACCESO ADICIONAL (KOHA)
Fuente del sistema de clasificación o colocación Dewey Decimal Classification
Tipo de ítem Koha Colección Querétaro
Existencias
Estado de retiro Estado de pérdida Fuente del sistema de clasificación o colocación Estado dañado No para préstamo Código de colección Localización permanente Ubicación/localización actual Ubicación en estantería Fecha de adquisición Fuente de adquisición Total de préstamos Signatura topográfica completa Fecha visto por última vez Número de copia Precio válido a partir de Tipo de ítem Koha
    Dewey Decimal Classification   Préstamo en Sala Colecciones Especiales (Quéretaro, IQM, Idiomas, SEP, Inea.) BIBLIOTECA PÚBLICA CENTRAL ESTATAL “FRANCISCO CERVANTES” BIBLIOTECA PÚBLICA CENTRAL ESTATAL “FRANCISCO CERVANTES” SALA QUERÉTARO ACCESO B PLANTA ALTA 01/22/2008 DONADO   CQ / 862M / P83 / P83 / 06/24/2026 EJ.1 06/24/2026 Colección Querétaro